Microcomputers and the 3R's : (Record no. 13077)
[ view plain ]
| 000 -LEADER | |
|---|---|
| fixed length control field | 00497nam a2200169 i 4500 |
| 020 ## - INTERNATIONAL STANDARD BOOK NUMBER | |
| ISBN | 0810451131 : |
| 040 ## - CATALOGING SOURCE | |
| Transcribing agency | DLC |
| 082 00 - DEWEY DECIMAL CLASSIFICATION NUMBER | |
| Classification number | 373 HAY 1979 A014 Or. |
| 100 1# - MAIN ENTRY--AUTHOR NAME | |
| Personal name | Doerr, Christine, |
| 245 10 - TITLE STATEMENT | |
| Title | Microcomputers and the 3R's : |
| Remainder of title | a guide for teachers / |
| 260 ## - PUBLICATION, DISTRIBUTION, ETC. (IMPRINT) | |
| Place of publication | Rochelle Park, N.J. : |
| Name of publisher | Hayden Book Co., |
| Year of publication | c1979. |
| 300 ## - PHYSICAL DESCRIPTION | |
| Number of Pages | 177 p. : |
| Other physical details | ill. ; |
| Dimensions | 23 cm. |
| 490 1# - SERIES STATEMENT | |
| Series statement | The Hayden microcomputer series |
| 650 #0 - SUBJECT ADDED ENTRY--TOPICAL TERM | |
| Topical Term | Computer-assisted instruction. |
| 650 #0 - SUBJECT ADDED ENTRY--TOPICAL TERM | |
| Topical Term | Microcomputers. |
| 942 ## - ADDED ENTRY ELEMENTS (KOHA) | |
| Koha item type | សៀវភៅភាសាអង់គ្លេស |
| 952 ## - LOCATION AND ITEM INFORMATION (KOHA) | |
| Withdrawn status [LOCAL, KOHA] | 0 |
| Permanent Location | Date acquired | Koha item type | Lost status | Shelving location | Barcode | Current Location | Full call number |
|---|---|---|---|---|---|---|---|
| Library Block A | 2017-08-19 | សៀវភៅភាសាអង់គ្លេស | A014 | A18586 | Library Block A | 373 HAY 1979 A014 Or. |